[Event "Madrid-chT 2021"]
[Site "Madrid"]
[Date "2021.02.28"]
[Round "2.4"]
[White "Lianes Garcia, Marcos"]
[Black "Morona Minguez, Miguel"]
[Result "1-0"]
[WhiteElo "2375"]
[BlackElo "2045"]
[PlyCount "73"]
[EventDate "2021.01.23"]
[EventType "team-tourn"]
[EventRounds "14"]
[EventCountry "ESP"]
[SourceTitle "EXT 2022"]
[Source "ChessBase"]
[SourceDate "2021.10.06"]
[SourceVersion "1"]
[SourceVersionDate "2021.10.06"]
[SourceQuality "1"]
[WhiteTeam "Collado Villalba"]
[BlackTeam "Vallecas CDV"]
[WhiteTeamCountry "ESP"]
[BlackTeamCountry "ESP"]

1. d4 Nf6 2. c4 c6 3. Nf3 d5 4. g3 Bg4 5. Bg2 Nbd7 6. Ne5 Be6 7. cxd5 Bxd5 8. Bxd5 cxd5 9. Nc3 e6 10. Qa4 a6 11. Bg5 b5 12. Qb3 Qb6 13. Nxd7 Nxd7 14. Rd1 b4 15. Na4 Qb5 16. Qc2 Bd6 17. b3 0-0 18. Rc1 Rfc8 19. Qxc8+ Rxc8 20. Rxc8+ Nf8 21. Kd2 f6 22. Be3 Kf7 23. Rhc1 Nd7 24. h4 Ke7 25. h5 h6 26. g4 f5 27. gxf5 exf5 28. f3 Nf6 29. R8c6 Nd7 30. Bf2 Bf4+ 31. e3 Bd6 32. Bh4+ Nf6 33. Bxf6+ gxf6 34. f4 a5 35. Nb6 Bb8 36. Nc8+ Kd7 37. Rb6 1-0

[Event "Tres Cantos op 10th"]
[Site "Tres Cantos"]
[Date "2018.06.27"]
[Round "7.18"]
[White "Estevez Sacristan, Deva"]
[Black "Morona Minguez, Miguel"]
[Result "0-1"]
[WhiteElo "1773"]
[BlackElo "2013"]
[PlyCount "106"]
[EventDate "2018.06.21"]
[EventType "swiss"]
[EventRounds "9"]
[EventCountry "ESP"]
[SourceTitle "EXT 2024"]
[Source "ChessBase"]
[SourceDate "2023.10.10"]
[SourceVersion "1"]
[SourceVersionDate "2023.10.10"]
[SourceQuality "1"]

1. e4 e5 2. Nf3 Nc6 3. d4 exd4 4. Nxd4 Bc5 5. Nxc6 bxc6 6. Nc3 Qf6 7. Qd2 Ne7 8. Bd3 Bb7 9. 0-0 0-0-0 10. Na4 Bb6 11. Qe2 Ng6 12. c4 Bd4 13. Be3 Rhe8 14. Nc5 Bxc5 15. Bxc5 Nf4 16. Qf3 Qe5 17. Bxa7 c5 18. Rfe1 f5 19. Qe3 fxe4 20. Bf1 d6 21. b4 Ne6 22. b5 Nd4 23. Rec1 Nf5 24. Qh3 Re6 25. Qc3 e3 26. Qxe5 exf2+ 27. Kxf2 Rxe5 28. Re1 Rde8 29. a4 Rxe1 30. Rxe1 Rxe1 31. Kxe1 Ne3 32. Kf2 Nxf1 33. Kxf1 Be4 34. a5 Bd3+ 35. Kf2 Bxc4 36. b6 c6 37. Ke3 Kb7 38. g3 d5 39. Kd2 d4 40. h3 Be6 41. a6+ Kxa6 42. Bb8 Kxb6 43. Be5 g6 44. h4 Bf5 45. Bf6 Kb5 46. Be5 Kc4 47. Bf6 Kd5 48. Bg7 Ke4 49. Bh6 c4 50. Bf4 c3+ 51. Kc1 c5 52. Bd6 c4 53. Bf4 Bd7 0-1

[Event "Tres Cantos op 9th"]
[Site "Tres Cantos"]
[Date "2017.06.27"]
[Round "6"]
[White "Morona Minguez, Miguel"]
[Black "Martinez Miura, Enrique"]
[Result "1-0"]
[WhiteElo "2054"]
[BlackElo "1667"]
[PlyCount "55"]
[EventDate "2017.06.22"]
[EventType "swiss"]
[EventRounds "9"]
[EventCountry "ESP"]
[SourceTitle "EXT 2019"]
[Source "ChessBase"]
[SourceDate "2018.10.10"]
[SourceVersion "1"]
[SourceVersionDate "2018.10.10"]
[SourceQuality "1"]

1. e4 e6 2. d4 d5 3. Nc3 dxe4 4. Nxe4 Nd7 5. Bd3 Be7 6. Ne2 Ngf6 7. 0-0 Nxe4 8. Bxe4 Nf6 9. Bf3 0-0 10. Be3 Nd5 11. c4 Nxe3 12. fxe3 c5 13. Qb3 Qc7 14. Rad1 Rb8 15. Nc3 a6 16. d5 f5 17. e4 Bd6 18. h3 Bd7 19. Rfe1 Be5 20. dxe6 Bxe6 21. Nd5 Bxd5 22. Rxd5 Bd4+ 23. Kh1 Qg3 24. Re2 Rbe8 25. Rxf5 Rxf5 26. exf5 Rxe2 27. Bd5+ Kf8 28. Qxg3 1-0

[Event "Madrid Los Angeles op 10th"]
[Site "Madrid"]
[Date "2016.05.15"]
[Round "6"]
[White "Cano Nieto, Jose Luis"]
[Black "Morona Minguez, Miguel"]
[Result "0-1"]
[WhiteElo "1537"]
[BlackElo "1771"]
[PlyCount "140"]
[EventDate "2016.04.03"]
[EventType "swiss"]
[EventRounds "9"]
[EventCountry "ESP"]
[SourceTitle "CBM 172 Extra"]
[Source "ChessBase"]
[SourceDate "2016.06.21"]
[SourceVersion "1"]
[SourceVersionDate "2016.06.21"]
[SourceQuality "1"]

1. d4 Nf6 2. Nf3 d5 3. Bf4 c6 4. e3 Bf5 5. Bd3 Bxd3 6. cxd3 Nbd7 7. h3 e6 8. 0-0 Be7 9. Nc3 0-0 10. e4 Nb6 11. e5 Nfd7 12. Re1 Rc8 13. Rc1 Re8 14. Qd2 c5 15. Bg5 a6 16. Bxe7 Qxe7 17. dxc5 Nxc5 18. d4 Nc4 19. Qe2 Nd7 20. b3 Na3 21. Nb1 Nb6 22. Qb2 Nxb1 23. Qxb1 Qb4 24. Rc2 Rxc2 25. Qxc2 Rc8 26. Qd2 Qxd2 27. Nxd2 Rc2 28. Nf3 Kf8 29. Ra1 Ke7 30. Ne1 Rd2 31. Nf3 Rb2 32. Kf1 Nd7 33. Ne1 b6 34. Nf3 h6 35. Ne1 Nb8 36. Nf3 Nc6 37. Rc1 Kd7 38. Ra1 Nb4 39. a3 Nd3 40. b4 Rxf2+ 41. Kg1 Rc2 42. Ne1 Nxe1 43. Rxe1 Rd2 44. Rf1 Ke7 45. Rc1 Rxd4 46. Rc7+ Ke8 47. Rc8+ Kd7 48. Rf8 Rf4 49. Rb8 Kc6 50. Rc8+ Kb5 51. Rc7 Ka4 52. Ra7 Kxa3 53. Rxa6+ Kxb4 54. Rxb6+ Kc5 55. Rb7 Kd4 56. g3 Rf5 57. g4 Rf4 58. Kg2 Kxe5 59. Kg3 Rf6 60. h4 Ke4 61. Rb4+ d4 62. g5 hxg5 63. hxg5 Rf5 64. Kg4 g6 65. Rb1 d3 66. Re1+ Kd4 67. Ra1 d2 68. Ra4+ Kd3 69. Ra3+ Ke2 70. Kg3 d1Q 0-1

[Event "Madrid-ch U16"]
[Site "Madrid"]
[Date "2016.04.23"]
[Round "5"]
[White "Barria Arbunic, Manuel"]
[Black "Morona Minguez, Miguel"]
[Result "1/2-1/2"]
[WhiteElo "1858"]
[BlackElo "1771"]
[PlyCount "83"]
[EventDate "2016.04.16"]
[EventType "tourn"]
[EventRounds "7"]
[EventCountry "ESP"]
[SourceTitle "CBM 172 Extra"]
[Source "ChessBase"]
[SourceDate "2016.06.21"]
[SourceVersion "1"]
[SourceVersionDate "2016.06.21"]
[SourceQuality "1"]

1. d4 d5 2. c4 c6 3. cxd5 cxd5 4. Nf3 Nc6 5. Nc3 Nf6 6. Bf4 e6 7. e3 Qa5 8. Nd2 Bb4 9. Qc2 Bd7 10. a3 Rc8 11. Rc1 Bxc3 12. Qxc3 0-0 13. Nb3 Qb6 14. Nc5 Ne7 15. Bd3 Bb5 16. 0-0 Ne4 17. Qb4 Bxd3 18. Qxb6 axb6 19. Nxd3 Nc6 20. Rfd1 Na5 21. f3 Nf6 22. Rxc8 Rxc8 23. Rc1 Rxc1+ 24. Nxc1 Nc4 25. Nd3 Nd7 26. a4 f6 27. Kf2 Kf7 28. Bg3 Ke7 29. Ke2 Nd6 30. b3 Nf5 31. Bf2 Nb8 32. b4 Nc6 33. Kd2 Nd6 34. Kc3 Kd7 35. Bg3 Nc4 36. Bf2 Nd6 37. g4 h6 38. Nf4 Ne7 39. Nh5 Ne8 40. e4 g5 41. Ng3 Nd6 42. b5 1/2-1/2

[Event "Madrid-ch U16"]
[Site "Madrid"]
[Date "2016.04.16"]
[Round "1"]
[White "Morona Minguez, Miguel"]
[Black "Bento Iglesias, Pablo"]
[Result "0-1"]
[WhiteElo "1771"]
[BlackElo "1969"]
[PlyCount "52"]
[EventDate "2016.04.16"]
[EventType "tourn"]
[EventRounds "7"]
[EventCountry "ESP"]
[SourceTitle "CBM 172 Extra"]
[Source "ChessBase"]
[SourceDate "2016.06.21"]
[SourceVersion "1"]
[SourceVersionDate "2016.06.21"]
[SourceQuality "1"]

1. e4 e6 2. d4 d5 3. Nc3 Nf6 4. e5 Nfd7 5. f4 c5 6. Nf3 Nc6 7. Be3 cxd4 8. Bxd4 Nxd4 9. Nxd4 Bc5 10. Qd2 Nxe5 11. 0-0-0 Nc6 12. Nb3 Be7 13. Be2 a6 14. Rhf1 b5 15. Qe3 Bb7 16. g4 Rc8 17. g5 d4 18. Qh3 Qb6 19. Nb1 Nb4 20. N1d2 Nxc2 21. Rg1 Na3+ 22. Nc4 Nxc4 23. Bxc4 bxc4 24. Nxd4 c3 25. Nb3 Qf2 26. Rgf1 cxb2+ 0-1

[Event "Madrid-ch U16"]
[Site "Madrid"]
[Date "2016.04.16"]
[Round "2"]
[White "Morona Minguez, Miguel"]
[Black "Plazuelo Pascual, Juan"]
[Result "0-1"]
[WhiteElo "1771"]
[BlackElo "2227"]
[PlyCount "52"]
[EventDate "2016.04.16"]
[EventType "tourn"]
[EventRounds "7"]
[EventCountry "ESP"]
[SourceTitle "CBM 172 Extra"]
[Source "ChessBase"]
[SourceDate "2016.06.21"]
[SourceVersion "1"]
[SourceVersionDate "2016.06.21"]
[SourceQuality "1"]

1. e4 e6 2. d4 d5 3. Nc3 Nf6 4. e5 Nfd7 5. f4 c5 6. Nf3 Nc6 7. Be3 Be7 8. Qd2 0-0 9. 0-0-0 c4 10. f5 b5 11. fxe6 fxe6 12. Bg5 b4 13. Nb5 Qa5 14. Bxe7 Nxe7 15. Nd6 c3 16. Qd3 Nb6 17. Ng5 Ng6 18. h4 Qxa2 19. bxc3 Na4 20. Kd2 bxc3+ 21. Ke3 Nb2 22. h5 Ba6 23. Nxe6 Bxd3 24. Bxd3 Nxd1+ 25. Rxd1 Qa5 26. g4 Rfe8 0-1

[Event "Madrid-ch U18"]
[Site "Madrid"]
[Date "2015.10.12"]
[Round "4"]
[White "Perez Ordonez, Jose Ramon"]
[Black "Morona Minguez, Miguel"]
[Result "1/2-1/2"]
[WhiteElo "1839"]
[BlackElo "1899"]
[PlyCount "52"]
[EventDate "2015.10.09"]
[EventType "swiss"]
[EventRounds "6"]
[EventCountry "ESP"]
[SourceTitle "EXT 2019"]
[Source "ChessBase"]
[SourceDate "2018.10.10"]
[SourceVersion "1"]
[SourceVersionDate "2018.10.10"]
[SourceQuality "1"]

1. b3 e5 2. Bb2 Nc6 3. e3 Nf6 4. Bb5 Bd6 5. Na3 Na5 6. Nc4 Nxc4 7. Bxc4 Qe7 8. Nf3 c5 9. 0-0 a6 10. d4 e4 11. dxc5 Bxc5 12. Ng5 h6 13. Bxf6 gxf6 14. Nh3 Qe5 15. Qd5 Qxd5 16. Bxd5 f5 17. Nf4 Rg8 18. a3 d6 19. b4 Ba7 20. c4 Bd7 21. Rfd1 Ke7 22. Rac1 Rac8 23. g3 Be6 24. Rd2 Rc7 25. Rcd1 Rd8 26. a4 Bd7 1/2-1/2

[Event "Madrid-ch U18"]
[Site "Madrid"]
[Date "2015.10.10"]
[Round "2"]
[White "Morona Minguez, Miguel"]
[Black "Palenciano Escolar, Adrian"]
[Result "0-1"]
[WhiteElo "1899"]
[BlackElo "2073"]
[PlyCount "98"]
[EventDate "2015.10.09"]
[EventType "swiss"]
[EventRounds "6"]
[EventCountry "ESP"]
[SourceTitle "EXT 2019"]
[Source "ChessBase"]
[SourceDate "2018.10.10"]
[SourceVersion "1"]
[SourceVersionDate "2018.10.10"]
[SourceQuality "1"]

1. e4 c5 2. Nf3 d6 3. d4 cxd4 4. Nxd4 Nf6 5. Nc3 a6 6. f4 e5 7. Nf3 Nbd7 8. Bd3 b5 9. 0-0 Bb7 10. a3 Be7 11. Qe1 0-0 12. fxe5 dxe5 13. Qg3 Re8 14. Bg5 Rc8 15. Kh1 Nh5 16. Qh4 Nf4 17. Bxe7 Qxe7 18. Qxe7 Rxe7 19. Nxe5 Nxd3 20. Nxd3 Bxe4 21. Rae1 Rce8 22. Rxe4 Rxe4 23. Nxe4 Rxe4 24. Re1 Rxe1+ 25. Nxe1 Ne5 26. Kg1 f6 27. Kf1 Nc4 28. b3 Nxa3 29. Ke2 Kf7 30. Kd3 Ke6 31. Kc3 Nb1+ 32. Kb4 Kd5 33. c4+ bxc4 34. bxc4+ Kc6 35. Nf3 g5 36. g4 a5+ 37. Kb3 Kc5 38. h3 h6 39. Kb2 Kxc4 40. Kxb1 Kd3 41. Kc1 Ke3 42. Nd2 Kf4 43. Nc4 Kg3 44. Ne3 Kxh3 45. Kb2 Kg3 46. Kb3 Kf3 47. Nf5 Kxg4 48. Nxh6+ Kf4 49. Ng8 f5 0-1

[Event "Madrid Chamartin op 4th"]
[Site "Madrid"]
[Date "2015.09.10"]
[Round "7"]
[White "Morona Minguez, Miguel"]
[Black "Martinez Reyes, Pedro Ramon"]
[Result "0-1"]
[WhiteElo "1932"]
[BlackElo "2358"]
[PlyCount "66"]
[EventDate "2015.09.06"]
[EventType "swiss"]
[EventRounds "9"]
[EventCountry "ESP"]
[SourceTitle "EXT 2016"]
[Source "ChessBase"]
[SourceDate "2015.10.08"]
[SourceVersion "1"]
[SourceVersionDate "2015.10.08"]
[SourceQuality "1"]

1. e4 c5 2. Nf3 Nc6 3. d4 cxd4 4. Nxd4 g6 5. c4 Bg7 6. Be3 Nf6 7. Nc3 0-0 8. Be2 d6 9. 0-0 Bd7 10. Qd2 Nxd4 11. Bxd4 Bc6 12. f3 a5 13. Nd5 Nd7 14. Be3 a4 15. Rab1 Nc5 16. Rfd1 Be5 17. Qb4 e6 18. Nc3 Qf6 19. Nb5 Rfd8 20. g3 Na6 21. Qd2 Qe7 22. Bb6 Rd7 23. Na7 Bg7 24. b4 axb3 25. axb3 Nc7 26. Qa2 d5 27. Qa5 dxe4 28. Rxd7 Bxd7 29. Rd1 Na6 30. b4 Bc3 31. Bc5 Qxc5+ 32. Qxc5 Nxc5 33. bxc5 Ba4 0-1

[Event "Villalba op 3rd"]
[Site "Villalba"]
[Date "2015.08.15"]
[Round "8"]
[White "Morona Minguez, Miguel"]
[Black "Martin Consuegra, Barrilero Javier"]
[Result "1/2-1/2"]
[WhiteElo "1906"]
[BlackElo "1831"]
[PlyCount "46"]
[EventDate "2015.08.09"]
[EventType "swiss"]
[EventRounds "9"]
[EventCountry "ESP"]
[SourceTitle "EXT 2024"]
[Source "ChessBase"]
[SourceDate "2023.10.10"]
[SourceVersion "1"]
[SourceVersionDate "2023.10.10"]
[SourceQuality "1"]

1. e4 d5 2. exd5 Qxd5 3. Nc3 Qa5 4. d4 c6 5. Bc4 Nf6 6. Bd2 Qc7 7. Nf3 Bf5 8. Ne5 e6 9. g4 Bg6 10. Bf4 Bd6 11. h4 Nd5 12. Bxd5 cxd5 13. Qe2 a6 14. 0-0 Kf8 15. Rae1 Nc6 16. h5 Nxd4 17. Qd1 Nc6 18. Nxc6 Bxf4 19. Nd4 Bh2+ 20. Kg2 Be4+ 21. Nxe4 dxe4 22. Rxe4 Be5 23. Rfe1 Bd6 1/2-1/2

[Event "Madrid-ch sf-B"]
[Site "Madrid"]
[Date "2015.03.20"]
[Round "6"]
[White "Morona Minguez, Miguel"]
[Black "De Dompablo Fantova, Juan"]
[Result "1-0"]
[WhiteElo "1818"]
[BlackElo "1722"]
[PlyCount "83"]
[EventDate "2015.03.05"]
[EventType "swiss"]
[EventRounds "9"]
[EventCountry "ESP"]
[SourceTitle "CBM 165 Extra"]
[Source "ChessBase"]
[SourceDate "2015.04.21"]
[SourceVersion "1"]
[SourceVersionDate "2015.04.21"]
[SourceQuality "1"]

1. e4 c5 2. Nf3 d6 3. d4 cxd4 4. Nxd4 Nf6 5. Nc3 g6 6. Be3 Bg7 7. f3 0-0 8. Qd2 Nc6 9. 0-0-0 Bd7 10. g4 Nxd4 11. Bxd4 Bc6 12. h4 h5 13. Bxf6 Bxf6 14. gxh5 Kh7 15. hxg6+ fxg6 16. Nd5 Bxd5 17. Qxd5 Qb6 18. Qb3 Qc7 19. h5 g5 20. Bh3 Be5 21. Bf5+ Kh6 22. Rd3 a5 23. Qd5 a4 24. Qe6+ Rf6 25. Qd7 Qb6 26. b3 axb3 27. Rxb3 Qd4 28. Qxe7 Rh8 29. Qxb7 Qa1+ 30. Rb1 Bf4+ 31. Kd1 Qd4+ 32. Ke2 Qe3+ 33. Kf1 Qxf3+ 34. Kg1 Qg3+ 35. Kf1 Be3 36. Ke2 Qf2+ 37. Kd3 Qd2+ 38. Kc4 Qxc2+ 39. Kb5 d5 40. e5 Rb6+ 41. Qxb6+ Bxb6 42. Bxc2 1-0

[Event "Madrid-ch sf-B"]
[Site "Madrid"]
[Date "2015.03.13"]
[Round "4"]
[White "Morona Minguez, Miguel"]
[Black "Vukotic Jovsic, Dragan"]
[Result "1-0"]
[WhiteElo "1818"]
[BlackElo "1986"]
[PlyCount "103"]
[EventDate "2015.03.05"]
[EventType "swiss"]
[EventRounds "9"]
[EventCountry "ESP"]
[SourceTitle "CBM 165 Extra"]
[Source "ChessBase"]
[SourceDate "2015.04.21"]
[SourceVersion "1"]
[SourceVersionDate "2015.04.21"]
[SourceQuality "1"]

1. e4 c5 2. Nf3 d6 3. d4 cxd4 4. Nxd4 Nf6 5. Nc3 g6 6. Be3 Bg7 7. f3 0-0 8. Qd2 Nc6 9. 0-0-0 Bd7 10. h4 Rb8 11. g4 Bxg4 12. fxg4 Nxg4 13. Nxc6 bxc6 14. Be2 Nxe3 15. Qxe3 Qa5 16. Bc4 Rb4 17. Bb3 c5 18. Nd5 Rb7 19. c4 Rfb8 20. Kc2 Qd8 21. Rh3 a5 22. Nc3 Rb4 23. Nd5 a4 24. Nxb4 Rxb4 25. Qxc5 Rb8 26. Qc6 axb3+ 27. Rxb3 Ra8 28. a3 Rc8 29. Qd5 e6 30. Qxd6 Qxh4 31. Qd3 Qf2+ 32. Rd2 Qc5 33. Rb4 h5 34. Qd6 Qe3 35. Qd3 Qe1 36. Re2 Qf1 37. Rd2 Qf4 38. Re2 Bf6 39. Qe3 Qg4 40. Rf2 Rd8 41. Rxf6 Qd1+ 42. Kc3 Kg7 43. Rf2 Rd7 44. Rb5 h4 45. c5 h3 46. c6 Rd6 47. Ra5 e5 48. c7 Rb6 49. b4 Qa1+ 50. Kc4 h2 51. Rxh2 Qf1+ 52. Re2 1-0

[Event "Madrid-ch"]
[Site "Madrid"]
[Date "2015.02.02"]
[Round "1"]
[White "Morona Minguez, Miguel"]
[Black "Fernandez Rios, Jose Francisco"]
[Result "1/2-1/2"]
[WhiteElo "1913"]
[BlackElo "1715"]
[PlyCount "78"]
[EventDate "2015.02.02"]
[EventType "swiss"]
[EventRounds "9"]
[EventCountry "ESP"]
[SourceTitle "CBM 164 Extra"]
[Source "ChessBase"]
[SourceDate "2015.03.02"]
[SourceVersion "1"]
[SourceVersionDate "2015.03.02"]
[SourceQuality "1"]

1. e4 c5 2. Nf3 g6 3. d4 cxd4 4. Nxd4 Bg7 5. c4 Nc6 6. Be3 Nf6 7. Nc3 0-0 8. Be2 d6 9. 0-0 Bd7 10. h3 Nxd4 11. Bxd4 Bc6 12. Qc2 a5 13. Rfd1 Nd7 14. Bxg7 Kxg7 15. a3 a4 16. Rd4 Nc5 17. Rad1 Nb3 18. R4d3 Nc5 19. Re3 Qc7 20. Nd5 Bxd5 21. cxd5 Rfb8 22. Bb5 Qb6 23. Be2 Qc7 24. Rd4 Qa5 25. Rb4 b5 26. e5 Na6 27. Rf4 Qc7 28. Qxc7 Nxc7 29. Rd4 Kf8 30. exd6 exd6 31. Rc3 Na6 32. Rc6 Ke7 33. Bxb5 Rxb5 34. Rxa4 Rxb2 35. Raxa6 Rxa6 36. Rxa6 Rb5 37. Ra7+ Kf6 38. f4 Rxd5 39. g4 Rd4 1/2-1/2